000 01010aam a2200325 i 4500
650 7 _aJudaísmo
_2
_96881
999 _c46206
_d46206
001 768714001
003 CO-MdFUSB
005 20220625062543.0
007 ta
008 200519t1988 enka|||| |||| 00| 0 eng d
020 _a074560448X
040 _bspa.
_aCO-MdFUSB
_cCO-MdFUSB
_dCO-MdFUSBC
_erda
041 _aeng
082 _223
_a232.908
_bZ48
100 1 _aZeitlin, Irving M.
_eautor
245 1 0 _aJesus and the Judaism of his time
_c/ Irving M. Zeitlin
264 1 _aOxford, Inglaterra :
_b Polity Press,
_c[1988]
264 4 _c© 1988
300 _a204 páginas
_c; 24 cm
336 _atexto
_btxt
_2rdacontent
337 _2rdamedia
_asin mediación
_bn
338 _2rdacarrier
_avolumen
_bnc
505 _aJudaísmo en la época de Jesús - Jesús de Nazaret: Un religioso virtuoso y carismático - El camino hacia el Gólgota
563 _aRústico
600 0 7 _aJesucristo
_xHistoricidad
942 _cBK
945 _aJTF-925